000 00404nam a2200145Ia 4500
008 151021s9999 xx 000 0 und d
020 _a812390522x
050 _aTP548.P7421996
245 _a_Principles and Practices of Winemaking
260 _aIndia CBS Publishers 2005
300 _axiv,604p.:ill.
500 _aIncludes Index
650 _a_Winemakers
980 _a^d20110106 09:44:55^okilerai
999 _c5773
_d5773